000 00419pab a2200157 454500
008 180718b2004 xxu||||| |||| 00| 0 eng d
100 _aChuango, Lalhmasai
245 _aPre-school teacher training programme in Mizoram: an analysis
260 _c2004
300 _ap.1-5.
362 _a11 Oct
650 _aTeacher education
650 _aInservice teacher education
773 _aUniversity News
909 _a62790
999 _c62790
_d62790